[Event "Copa Internacional SP"]
[Site "São Paulo"]
[Date "2007.11.29"]
[Round "1"]
[White "Mekhitarian, Krikor"]
[Black "Herbst Nt, Eugenio"]
[Result "1-0"]
[WhiteElo "2428"]
[BlackElo "2015"]
[PlyCount "73"]
[EventDate "2007.11.29"]
[SourceDate "2007.11.30"]

1. e4 d6 2. d4 g6 3. Nc3 Bg7 4. f4 f5 5. e5 d5 6. Be3 e6 7. Nf3 Nh6 8. Bd3 Bd7
9. Ne2 Nc6 10. a3 Na5 11. b3 b5 12. O-O O-O 13. Bd2 c6 14. a4 Nb7 15. c4 bxc4
16. bxc4 c5 17. cxd5 exd5 18. Ba6 Rb8 19. Bxb7 Rxb7 20. dxc5 Qc7 21. Be3 Bc6
22. Ned4 Re8 23. Qd3 Bf8 24. Rfc1 Ng4 25. Bd2 Rbb8 26. h3 Nh6 27. Ba5 Qc8 28.
Nxc6 Qxc6 29. Nd4 Qc8 30. c6 Bb4 31. Bxb4 Rxb4 32. Nb5 Nf7 33. Nd6 Nxd6 34.
exd6 Qe6 35. d7 Rf8 36. Rc5 d4 37. Rac1 1-0

[Event "Copa Internacional SP"]
[Site "São Paulo"]
[Date "2007.11.29"]
[Round "1"]
[White "Evangelista Jr, Ademar"]
[Black "Araujo, Rafael Moreira"]
[Result "0-1"]
[WhiteElo "1889"]
[BlackElo "2150"]
[PlyCount "108"]
[EventDate "2007.11.29"]
[SourceDate "2007.11.30"]

1. e4 Nf6 2. e5 Nd5 3. d4 d6 4. Nf3 Bg4 5. Be2 e6 6. O-O Be7 7. c4 Nb6 8. Nc3
O-O 9. exd6 cxd6 10. Be3 a6 11. b3 d5 12. c5 Nc8 13. b4 Nc6 14. Qb3 Bf6 15.
Rad1 N8e7 16. Rd2 Nf5 17. Rfd1 g6 18. Na4 Bg7 19. Nb6 Ra7 20. a3 Bf6 21. h3
Bxf3 22. Bxf3 Nxe3 23. fxe3 Bg5 24. Rd3 f5 25. a4 a5 26. b5 Nb4 27. Rc3 Bh4 28.
Qb2 Bg3 29. Kf1 Bc7 30. Nc4 dxc4 31. b6 Bxb6 32. cxb6 Ra6 33. Rxc4 Rxb6 34. Qd2
Qd7 35. Kg1 Rd6 36. e4 fxe4 37. Bxe4 Qxa4 38. Rdc1 Rd7 39. Qh6 Qa2 40. Rc8 Qf2+
41. Kh1 Nc6 42. Rxf8+ Qxf8 43. Qe3 Qd6 44. Bxc6 bxc6 45. Qc3 Qxd4 46. Qxc6 Qd5
47. Qc8+ Rd8 48. Qa6 Rf8 49. Re1 e5 50. Ra1 Ra8 51. Qb6 a4 52. Qb4 Qd4 53. Qa3
Rf8 54. Qxa4 Rf1+ 0-1

[Event "Copa Internacional SP"]
[Site "São Paulo"]
[Date "2007.11.29"]
[Round "1"]
[White "Valente, Rodrigo"]
[Black "Calixto, Roberto Carlos"]
[Result "1-0"]
[WhiteElo "2140"]
[BlackElo "1853"]
[PlyCount "80"]
[EventDate "2007.11.29"]
[SourceDate "2007.11.30"]

1. Nf3 c5 2. g3 d5 3. Bg2 Nc6 4. O-O e5 5. d3 Nf6 6. c4 d4 7. Na3 Be7 8. Bd2
O-O 9. Rb1 h6 10. Nc2 Be6 11. b4 Nd7 12. bxc5 Nxc5 13. Nb4 f6 14. Nh4 Qd7 15.
Ng6 Rfe8 16. Nxc6 bxc6 17. Nxe7+ Qxe7 18. Bb4 a5 19. Ba3 Qa7 20. Bxc6 Bh3 21.
Bxc5 Qxc5 22. Bxe8 Rxe8 23. Qa4 Qe7 24. Qxa5 f5 25. Qd5+ Kh8 26. Rb7 Qg5 27.
Qf7 Rg8 28. Rfb1 Kh7 29. Qe7 Qd2 30. Qxe5 Qxa2 31. Qe6 Qa8 32. c5 Re8 33. Qd7
Rg8 34. Qxd4 Bg4 35. Qe5 Qa5 36. f3 Bh3 37. Kf2 h5 38. g4 Kh8 39. Qxf5 Bxg4 40.
fxg4 Qd2 1-0

[Event "Copa Internacional SP"]
[Site "São Paulo"]
[Date "2007.11.29"]
[Round "1"]
[White "Terao, Juliana"]
[Black "Awoki, Daniel Teidi"]
[Result "1-0"]
[WhiteElo "2097"]
[BlackElo "1835"]
[PlyCount "87"]
[EventDate "2007.11.29"]
[SourceDate "2007.11.30"]

1. e4 c5 2. c3 d6 3. d4 cxd4 4. cxd4 Nf6 5. Nc3 e6 6. Nf3 Be7 7. Bd3 Qc7 8. O-O
e5 9. dxe5 dxe5 10. Nb5 Qd8 11. Nxe5 O-O 12. Bf4 a6 13. Nc3 Be6 14. Nf3 Nc6 15.
h3 Qd7 16. Qe2 Rad8 17. Rfd1 Qc8 18. Rac1 Nh5 19. Bh2 Bd6 20. e5 Be7 21. g4
Bxg4 22. hxg4 Qxg4+ 23. Kh1 Qh3 24. Ng1 Qh4 25. Qe4 Qxe4+ 26. Bxe4 Bg5 27. Rb1
f5 28. Bd5+ Kh8 29. Nh3 Bh6 30. e6 Rde8 31. Bxc6 bxc6 32. Rd6 Rf6 33. Re1 Rg6
34. Rxc6 Nf6 35. Rd6 Ng4 36. Bg3 f4 37. Bh4 Nf6 38. e7 Kg8 39. Bxf6 gxf6 40.
Nd5 Kf7 41. Rd7 f3 42. Nc7 Bf4 43. Nxe8 Rh6 44. Nd6+ 1-0

[Event "Copa Internacional SP"]
[Site "São Paulo"]
[Date "2007.11.29"]
[Round "1"]
[White "Nobre, Jose Adalberto"]
[Black "Rodrigues, Tiago Pereira"]
[Result "0-1"]
[WhiteElo "1832"]
[BlackElo "2095"]
[PlyCount "24"]
[EventDate "2007.11.29"]
[SourceDate "2007.11.30"]

1. e4 c5 2. f4 d5 3. exd5 Qxd5 4. Nc3 Qd6 5. Nf3 a6 6. Bc4 Nf6 7. Ne5 e6 8. Qf3
Nbd7 9. Ne4 Nxe4 10. Nxf7 Kxf7 11. Qxe4 Nf6 12. Qe5 b5 0-1

[Event "Copa Internacional SP"]
[Site "São Paulo"]
[Date "2007.11.29"]
[Round "1"]
[White "Gomes, Gustavo"]
[Black "Santana, Expedito"]
[Result "1-0"]
[WhiteElo "2083"]
[BlackElo "1810"]
[PlyCount "63"]
[EventDate "2007.11.29"]
[SourceDate "2007.11.30"]

1. Nf3 d5 2. g3 Nf6 3. d4 Bf5 4. Bg2 e6 5. c4 c6 6. cxd5 Nxd5 7. O-O Be7 8. Nc3
O-O 9. Re1 h6 10. Qb3 Nb6 11. e4 Bg4 12. Ne5 Bh5 13. g4 Qxd4 14. Nf3 Qc5 15.
Be3 Qa5 16. gxh5 Qxh5 17. Ne2 N8d7 18. Nf4 Qb5 19. Qxb5 cxb5 20. Red1 Rfd8 21.
b3 Bc5 22. Bxc5 Nxc5 23. Ne1 e5 24. Nfd3 Nxd3 25. Nxd3 f6 26. Nc5 Re8 27. Rac1
Rab8 28. Bh3 Rf8 29. Ne6 Rfe8 30. Rc7 Rxe6 31. Bxe6+ Kh7 32. Bf5+ 1-0

[Event "Copa Internacional SP"]
[Site "São Paulo"]
[Date "2007.11.29"]
[Round "1"]
[White "Santos, Isaque"]
[Black "Moreira, Altair"]
[Result "1-0"]
[WhiteElo "2077"]
[BlackElo "1790"]
[PlyCount "81"]
[EventDate "2007.11.29"]
[SourceDate "2007.11.30"]

1. d4 Nf6 2. c4 g6 3. Nc3 Bg7 4. e4 O-O 5. f3 d6 6. Be3 e5 7. Nge2 Nc6 8. Qd2
Ne8 9. d5 Ne7 10. g4 f5 11. gxf5 gxf5 12. O-O-O f4 13. Bf2 Bd7 14. h4 a6 15. h5
b5 16. h6 Bf6 17. Rg1+ Ng6 18. c5 dxc5 19. Bxc5 Nd6 20. b3 Bg5 21. Kb1 Bxh6 22.
Nc1 Rf7 23. Nd3 Bg7 24. Be2 a5 25. Nb2 b4 26. Nca4 Nb5 27. Bf2 Ne7 28. Nc4 Kh8
29. d6 Nc8 30. Qd5 Ncxd6 31. Nxe5 Bxe5 32. Qxe5+ Qf6 33. Qxf6+ Rxf6 34. Bxb5
Bxb5 35. e5 Rg6 36. exd6 cxd6 37. Rxg6 hxg6 38. Rxd6 Kh7 39. Rf6 g5 40. Nc5 Be2
41. Ne6 1-0

[Event "Copa Internacional SP"]
[Site "São Paulo"]
[Date "2007.11.29"]
[Round "1"]
[White "Aoyama, Edmundo"]
[Black "Fieri, Isaac"]
[Result "1-0"]
[WhiteElo "1783"]
[BlackElo "2065"]
[PlyCount "55"]
[EventDate "2007.11.29"]
[SourceDate "2007.11.30"]

1. Nf3 Nf6 2. g3 b6 3. Bg2 Bb7 4. O-O c5 5. c4 g6 6. d3 Bg7 7. e4 d6 8. Nc3 O-O
9. Nh4 Nc6 10. f4 Nd7 11. Be3 Nd4 12. Ne2 e5 13. Nxd4 cxd4 14. Bd2 exf4 15.
Bxf4 g5 16. Qg4 gxf4 17. Nf5 Qf6 18. gxf4 Nc5 19. e5 dxe5 20. fxe5 Qxe5 21.
Rae1 Qf6 22. Ne7+ Kh8 23. Rxf6 Bxf6 24. Qf5 Bxe7 25. Bxb7 Nxb7 26. Rxe7 Rg8+
27. Kf2 Nd8 28. Qf6+ 1-0

[Event "Copa Internacional SP"]
[Site "São Paulo"]
[Date "2007.11.29"]
[Round "1"]
[White "Gazola, Vanessa"]
[Black "Da Silva, Wagner"]
[Result "1-0"]
[WhiteElo "2055"]
[BlackElo "1777"]
[PlyCount "79"]
[EventDate "2007.11.29"]
[SourceDate "2007.11.30"]

1. d4 d5 2. c4 e6 3. Nc3 Nf6 4. cxd5 exd5 5. Bg5 Nbd7 6. e3 c6 7. Bd3 h6 8. Bh4
Be7 9. Qc2 Nh5 10. Bxe7 Qxe7 11. Nge2 Nb6 12. O-O O-O 13. Rab1 f5 14. b4 Nc4
15. Qc1 b5 16. Re1 Nf6 17. Ng3 Ne4 18. Bxc4 Nxc3 19. Qxc3 bxc4 20. Nf1 a6 21.
Nd2 h5 22. Nf3 h4 23. h3 g5 24. Ne5 Qf6 25. Qc2 f4 26. Qg6+ Qxg6 27. Nxg6 Rf6
28. Ne5 Bf5 29. Rb2 Rb8 30. e4 Bc8 31. Nf3 Rg6 32. exd5 Bf5 33. Ne5 cxd5 34.
Nxg6 Bxg6 35. Rc1 Rc8 36. b5 c3 37. bxa6 c2 38. a7 Bd3 39. Rb8 Rxb8 40. axb8=Q+
1-0

[Event "Copa Internacional SP"]
[Site "São Paulo"]
[Date "2007.11.29"]
[Round "1"]
[White "Dias, Adriano"]
[Black "Da Silva, Josimar Ribeiro"]
[Result "1-0"]
[WhiteElo "2053"]
[BlackElo "1668"]
[PlyCount "65"]
[EventDate "2007.11.29"]
[SourceDate "2007.11.30"]

1. d4 Nf6 2. Nf3 g6 3. Bg5 Bg7 4. Nbd2 d6 5. e4 O-O 6. Bc4 Nbd7 7. c3 e5 8. O-O
c6 9. Re1 Qc7 10. dxe5 dxe5 11. Qc2 b5 12. Bf1 Nc5 13. Rad1 Kh8 14. b4 Na4 15.
c4 Qb8 16. cxb5 cxb5 17. Bxf6 Bxf6 18. Qc6 Be7 19. Bxb5 Bb7 20. Qc2 Nb6 21. a3
f5 22. exf5 Rxf5 23. Bd3 Rh5 24. Be4 Bf6 25. Bxb7 Qxb7 26. Ne4 Rc8 27. Qb3 Qg7
28. Qe6 Rf5 29. Nd6 Rxf3 30. Nxc8 Rxa3 31. Nxb6 axb6 32. Rd7 Qf8 33. Rf7 1-0

[Event "Copa Internacional SP"]
[Site "São Paulo"]
[Date "2007.11.30"]
[Round "2"]
[White "Rodrigues, Tiago Pereira"]
[Black "Mekhitarian, Krikor"]
[Result "0-1"]
[WhiteElo "2095"]
[BlackElo "2428"]
[PlyCount "104"]
[EventDate "2007.11.29"]
[SourceDate "2007.11.30"]

1. c4 c5 2. Nc3 Nc6 3. g3 g6 4. Bg2 Bg7 5. e4 d6 6. Nge2 e6 7. d3 Nge7 8. O-O
O-O 9. a3 a5 10. Rb1 f5 11. h3 b6 12. Kh2 Rb8 13. Be3 Qd7 14. d4 cxd4 15. Nxd4
Nxd4 16. Bxd4 e5 17. Be3 f4 18. Bd2 h5 19. Nb5 Qe6 20. b3 Rb7 21. Bc3 Rd7 22.
Rb2 Bh6 23. Bf3 Qf6 24. g4 Qh4 25. Kg2 hxg4 26. hxg4 Qf6 27. Rd2 Rfd8 28. Rh1
Bf8 29. Be2 f3+ 30. Bxf3 g5 31. Rb2 Ng6 32. Kg1 Rf7 33. Bg2 Nh4 34. Rh3 d5 35.
cxd5 Bc5 36. Qe2 Rdf8 37. Be1 Qf4 38. Kh1 Bxg4 39. Bd2 Qxf2 40. Qxf2 Rxf2 41.
Rg3 Rxg2 42. Rxg2 Rf1+ 43. Kh2 Nxg2 44. Kxg2 Rg1+ 45. Kh2 Bf3 46. Bc3 g4 47.
Bxe5 g3+ 48. Kh3 Bf2 49. Kh4 Rh1+ 50. Kg5 g2 51. Kf4 g1=Q 52. Kxf3 Rh3+ 0-1

[Event "Copa Internacional SP"]
[Site "São Paulo"]
[Date "2007.11.30"]
[Round "2"]
[White "Santos, Marcus Vinicius"]
[Black "Valente, Rodrigo"]
[Result "1-0"]
[WhiteElo "2396"]
[BlackElo "2140"]
[PlyCount "59"]
[EventDate "2007.11.29"]
[SourceDate "2007.11.30"]

1. d4 Nf6 2. c4 b6 3. Nc3 Bb7 4. f3 e6 5. e4 d6 6. Bd3 Be7 7. Nge2 Nbd7 8. Bc2
e5 9. d5 Nh5 10. g3 Bg5 11. O-O Bxc1 12. Qxc1 g5 13. Ba4 h6 14. Qe3 O-O 15. b4
Ng7 16. g4 f6 17. h4 h5 18. hxg5 fxg5 19. Bxd7 Qxd7 20. Qxg5 hxg4 21. fxg4
Rxf1+ 22. Rxf1 Bc8 23. Rf5 Qe8 24. Ng3 Bxf5 25. exf5 Qf7 26. f6 Kh7 27. Qh4+
Kg8 28. Nce4 Rf8 29. Qh6 Ne8 30. Ng5 1-0

[Event "Copa Internacional SP"]
[Site "São Paulo"]
[Date "2007.11.30"]
[Round "2"]
[White "Jukemura, Leandro"]
[Black "van Riemsdijk, Herman Claudius"]
[Result "1/2-1/2"]
[WhiteElo "2050"]
[BlackElo "2391"]
[PlyCount "73"]
[EventDate "2007.11.29"]
[SourceDate "2007.11.30"]

1. e4 e5 2. Nf3 Nc6 3. Bc4 Nf6 4. Ng5 d5 5. exd5 b5 6. Bf1 Nd4 7. c3 Nxd5 8.
Ne4 Qh4 9. Bxb5+ Nxb5 10. Qa4 Nb4 11. Qxb5+ Kd8 12. d3 Rb8 13. Qxb4 Bxb4 14.
Bg5+ Be7 15. Bxh4 Bxh4 16. b4 Be7 17. a3 f5 18. Ng3 g6 19. O-O Bf6 20. Rd1 Ke7
21. Nd2 Be6 22. Rab1 Rhd8 23. Nb3 Bxb3 24. Rxb3 e4 25. d4 c5 26. Ne2 cxd4 27.
Nxd4 Rbc8 28. g3 Rc4 29. b5 Rd6 30. Rdb1 Bxd4 31. cxd4 Rcxd4 32. b6 axb6 33.
Rxb6 Rxb6 34. Rxb6 Ra4 35. Rb7+ Kf6 36. Rxh7 Rxa3 37. h4 1/2-1/2

[Event "Copa Internacional SP"]
[Site "São Paulo"]
[Date "2007.11.30"]
[Round "2"]
[White "Perdomo, Leandro"]
[Black "Terao, Juliana"]
[Result "1-0"]
[WhiteElo "2391"]
[BlackElo "2097"]
[PlyCount "79"]
[EventDate "2007.11.29"]
[SourceDate "2007.11.30"]

1. d4 Nf6 2. c4 g6 3. Nc3 d5 4. g4 Bxg4 5. Bg2 c6 6. Qb3 Qb6 7. Qxb6 axb6 8.
cxd5 Bd7 9. e4 Na6 10. Bg5 Nb4 11. Kd2 Ng4 12. Nh3 h6 13. Bf4 Bg7 14. a3 Na6
15. f3 Nf6 16. Be5 c5 17. Ke3 O-O 18. Rad1 Rfe8 19. Nf4 h5 20. Kf2 Rac8 21. h4
b5 22. Nce2 b4 23. Rc1 b6 24. Rhd1 Ba4 25. Rg1 Bd7 26. Rgd1 Ba4 27. Re1 Bd7 28.
Bf1 Bh6 29. Ng3 Ra8 30. axb4 cxd4 31. b5 Nc5 32. b4 Ra2+ 33. Re2 Bxf4 34. Rxa2
Bxc1 35. bxc5 bxc5 36. b6 Bc8 37. Bb5 Bd7 38. b7 Bxb5 39. Ra8 d3 40. Rxe8+ 1-0

[Event "Copa Internacional SP"]
[Site "São Paulo"]
[Date "2007.11.30"]
[Round "2"]
[White "Barbosa, Fernando"]
[Black "Tsuboi, Edson"]
[Result "0-1"]
[WhiteElo "2040"]
[BlackElo "2334"]
[PlyCount "94"]
[EventDate "2007.11.29"]
[SourceDate "2007.11.30"]

1. e4 c5 2. Nf3 Nc6 3. d4 cxd4 4. Nxd4 e6 5. Nb5 d6 6. c4 Nf6 7. N1c3 a6 8. Na3
b6 9. Be3 Be7 10. Be2 Bb7 11. Qb3 Nd7 12. O-O Nc5 13. Qd1 O-O 14. f4 Rc8 15.
Bf3 Re8 16. Qe2 Bf6 17. Rfd1 Bxc3 18. bxc3 Qc7 19. Rab1 Nb8 20. Bf2 Nbd7 21.
Qc2 g6 22. Rbc1 f5 23. exf5 Bxf3 24. gxf3 exf5 25. Qd2 Re6 26. Nc2 Rce8 27. Nd4
R6e7 28. Re1 Nf6 29. Bh4 Kf7 30. Rxe7+ Rxe7 31. Re1 Qd7 32. Rxe7+ Qxe7 33. Qe1
Qxe1+ 34. Bxe1 Nd3 35. Bg3 Nb2 36. Kf1 Nd7 37. Bh4 Nxc4 38. Ke2 b5 39. Bf2 Ndb6
40. Nc2 Nd5 41. Bd4 Nxf4+ 42. Kd1 a5 43. Ne3 Nxe3+ 44. Bxe3 Nd5 45. Bd4 Ne7 46.
Kc2 Nc6 47. Bh8 g5 0-1

[Event "Copa Internacional SP"]
[Site "São Paulo"]
[Date "2007.11.30"]
[Round "2"]
[White "Oliveira, Jefferson"]
[Black "Gomes, Gustavo"]
[Result "1-0"]
[WhiteElo "2295"]
[BlackElo "2083"]
[PlyCount "45"]
[EventDate "2007.11.29"]
[SourceDate "2007.11.30"]

1. Nf3 Nf6 2. c4 c6 3. Nc3 g6 4. e4 d5 5. cxd5 cxd5 6. e5 Ng8 7. d4 Bg7 8. Qb3
e6 9. Nb5 Bf8 10. Bg5 Qd7 11. Bd3 a6 12. Nc3 h6 13. Bd2 Qc7 14. O-O Bd7 15.
Rac1 Bc6 16. a4 Nd7 17. Qc2 Qb6 18. Bxg6 fxg6 19. Qxg6+ Kd8 20. Qxe6 Ne7 21.
Qf7 Nb8 22. Qf6 Rg8 23. Nxd5 1-0

[Event "Copa Internacional SP"]
[Site "São Paulo"]
[Date "2007.11.30"]
[Round "2"]
[White "Farah, Daniel"]
[Black "Oliveira, Silvio"]
[Result "0-1"]
[WhiteElo "1937"]
[BlackElo "2286"]
[PlyCount "40"]
[EventDate "2007.11.29"]
[SourceDate "2007.11.30"]

1. e4 c5 2. Nf3 d6 3. d4 cxd4 4. Nxd4 Nf6 5. Nc3 Nc6 6. f3 e6 7. Be3 Be7 8. Qd2
O-O 9. O-O-O d5 10. exd5 Nxd5 11. Nxd5 Qxd5 12. Nb3 Qe5 13. Qf2 b6 14. Be2 Qc7
15. Kb1 e5 16. f4 Nb4 17. c3 Bf5+ 18. Kc1 Rad8 19. Rd2 Nxa2+ 20. Kd1 Nxc3+ 0-1

[Event "Copa Internacional SP"]
[Site "São Paulo"]
[Date "2007.11.30"]
[Round "2"]
[White "Aranha Filho, Alvaro Z"]
[Black "Santos, Isaque"]
[Result "1-0"]
[WhiteElo "2266"]
[BlackElo "2077"]
[PlyCount "113"]
[EventDate "2007.11.29"]
[SourceDate "2007.11.30"]

1. d4 Nf6 2. c4 g6 3. Nc3 Bg7 4. e4 d6 5. Be2 O-O 6. Bg5 h6 7. Be3 Nc6 8. d5
Nb8 9. Qd2 Kh7 10. h4 e5 11. h5 g5 12. f3 b6 13. g4 a5 14. Nh3 Ng8 15. Kf2 f6
16. b3 Na6 17. a3 Bd7 18. Qb2 Nc5 19. b4 Nb7 20. Kg2 Qe7 21. Nf2 Rfb8 22. Rhc1
Be8 23. Bd1 Bf8 24. Ba4 Kh8 25. Nd3 Kh7 26. Qf2 Bxa4 27. Nxa4 Qe8 28. Nc3 Ra6
29. Nb5 Qd7 30. Rcb1 Rba8 31. Nxc7 Qxc7 32. b5 R6a7 33. Bxb6 Qb8 34. Bxa7 Qxa7
35. b6 Qa6 36. Rb5 Rc8 37. Rc1 Kh8 38. Qb2 Be7 39. a4 Bf8 40. Qb3 Be7 41. Rc2
Bf8 42. Qc3 Be7 43. c5 dxc5 44. Nb2 c4 45. Nxc4 Bb4 46. Qb2 Rc5 47. Rxc5 Bxc5
48. Qb5 Qxb5 49. axb5 Bb4 50. d6 Kg7 51. Nxa5 Nxa5 52. Rc7+ Kf8 53. Ra7 Nc4 54.
Ra8+ Kf7 55. d7 Nxb6 56. d8=Q Nxa8 57. Qxa8 1-0

[Event "Copa Internacional SP"]
[Site "São Paulo"]
[Date "2007.11.30"]
[Round "2"]
[White "Calcado, Acyr"]
[Black "Gazola, Vanessa"]
[Result "1-0"]
[WhiteElo "2235"]
[BlackElo "2055"]
[PlyCount "106"]
[EventDate "2007.11.29"]
[SourceDate "2007.11.30"]

1. e4 c5 2. Nf3 a6 3. Nc3 b5 4. d4 cxd4 5. Nxd4 e6 6. Be3 Qc7 7. Bd3 Bb7 8. O-O
Nf6 9. f4 d6 10. Qf3 Nbd7 11. a3 Nc5 12. Rae1 Be7 13. Qg3 Ncxe4 14. Nxe4 Nxe4
15. Bxe4 Bxe4 16. Qxg7 Rf8 17. f5 O-O-O 18. Re2 Qb7 19. f6 Rg8 20. Qxf7 Bxg2
21. fxe7 Bxf1+ 22. Kf2 Rde8 23. Qxe6+ Kc7 24. Bf4 Qb6 25. Bxd6+ Qxd6 26. Qxd6+
Kxd6 27. Nf5+ Kd7 28. Kxf1 Rg5 29. Re5 Rg6 30. Kf2 Rc6 31. c3 Rg6 32. Kf3 Rg1
33. Rd5+ Kc7 34. Kf4 Rg2 35. Ke5 Rg6 36. h4 h5 37. a4 bxa4 38. c4 Rb6 39. Ra5
Rxb2 40. Rxa6 Rb6 41. Rxa4 Rc6 42. Rb4 Kd7 43. Rb7+ Kc8 44. Ra7 Kb8 45. Rd7 Kc8
46. Rd5 Kc7 47. c5 Rg6 48. Rd6 Rgg8 49. Kf6 Rg4 50. Kf7 Rgg8 51. Re6 Kd7 52.
c6+ Kc7 53. Ng7 Rc8 {tempo} 1-0

[Event "Copa Internacional SP"]
[Site "São Paulo"]
[Date "2007.11.30"]
[Round "2"]
[White "Celkevicius, Andre"]
[Black "Bueno, Alfeu"]
[Result "0-1"]
[WhiteElo "1704"]
[BlackElo "2200"]
[PlyCount "70"]
[EventDate "2007.11.29"]
[SourceDate "2007.11.30"]

1. f4 d5 2. Nf3 Nf6 3. e3 Bg4 4. b3 Nbd7 5. Bb2 e6 6. Be2 Bxf3 7. Bxf3 Bd6 8.
O-O O-O 9. Nc3 c6 10. Ne2 e5 11. fxe5 Bxe5 12. Bxe5 Nxe5 13. Ng3 d4 14. e4 d3
15. c3 a5 16. Qe1 a4 17. Nf5 axb3 18. Qg3 Ng6 19. axb3 Rxa1 20. Rxa1 Qb6+ 21.
Kh1 Qxb3 22. e5 Nd7 23. Re1 Re8 24. Nd4 Qa2 25. e6 fxe6 26. Qd6 Nf6 27. Nxc6
bxc6 28. Qxd3 Ne5 29. Qd6 Nxf3 30. gxf3 Qd5 31. Qf4 e5 32. Qg3 e4 33. Kg1 exf3
34. Rxe8+ Nxe8 35. Qb8 Qg5+ 0-1

[Event "Copa Internacional SP"]
[Site "São Paulo"]
[Date "2007.11.30"]
[Round "2"]
[White "Cordeiro, Marco Aurelio"]
[Black "Dias, Adriano"]
[Result "1-0"]
[WhiteElo "2159"]
[BlackElo "2053"]
[PlyCount "71"]
[EventDate "2007.11.29"]
[SourceDate "2007.11.30"]

1. e4 Nc6 2. Nf3 d6 3. Bc4 Nf6 4. Qe2 Bg4 5. c3 d5 6. exd5 Nxd5 7. d4 e6 8. h3
Bh5 9. Bb5 Bd6 10. c4 Bb4+ 11. Kf1 Nf6 12. Be3 Be7 13. g4 Nxg4 14. hxg4 Bxg4
15. Nbd2 h5 16. Qd3 Kf8 17. Bxc6 bxc6 18. Qe4 Bxf3 19. Qxf3 h4 20. Qxc6 Rb8 21.
b3 g5 22. Ke2 Qd6 23. Qxd6 cxd6 24. Rag1 Rh5 25. f4 gxf4 26. Bxf4 f5 27. Nf3
Kf7 28. Bg5 Rbh8 29. Bxe7 Kxe7 30. Rg7+ Kf6 31. Rxa7 h3 32. Rd7 Rg8 33. Rh2 Ra8
34. Kd3 e5 35. Rxd6+ Ke7 36. dxe5 1-0

[Event "Copa Internacional SP"]
[Site "São Paulo"]
[Date "2007.11.30"]
[Round "2"]
[White "Araujo, Rafael Moreira"]
[Black "Lopes, Marcelo"]
[Result "1-0"]
[WhiteElo "2150"]
[BlackElo "2022"]
[PlyCount "55"]
[EventDate "2007.11.29"]
[SourceDate "2007.11.30"]

1. d4 d5 2. c4 c6 3. Nf3 e6 4. Nc3 dxc4 5. a4 Bb4 6. e3 b5 7. Bd2 a5 8. g3 Bb7
9. Bg2 Nd7 10. O-O Bxc3 11. bxc3 Ngf6 12. Qb1 Qb6 13. e4 O-O 14. e5 Nd5 15. Ng5
g6 16. Qe4 Kg7 17. Qh4 h6 18. Nxe6+ fxe6 19. Qxh6+ Kf7 20. Qh7+ Ke8 21. Qxg6+
Kd8 22. Qxe6 Nc7 23. Qh6 Re8 24. axb5 Nxb5 25. e6 Nf8 26. e7+ Kxe7 27. Rfe1+
Kf7 28. Bd5+ 1-0

[Event "Copa Internacional SP"]
[Site "São Paulo"]
[Date "2007.11.30"]
[Round "2"]
[White "Segal, Alexandru Sorin"]
[Black "Aoyama, Edmundo"]
[Result "1-0"]
[WhiteElo "2227"]
[BlackElo "1783"]
[PlyCount "41"]
[EventDate "2007.11.29"]
[SourceDate "2007.11.30"]

1. d4 d5 2. Nf3 Nf6 3. Bf4 Bf5 4. e3 e6 5. Nbd2 Nbd7 6. Be2 Be7 7. O-O O-O 8.
Nh4 Bg6 9. Nxg6 hxg6 10. c4 c5 11. Qb3 cxd4 12. exd4 dxc4 13. Nxc4 Nd5 14. Bg3
N7b6 15. Na5 Nf6 16. Rfd1 Qd5 17. Qxd5 Nfxd5 18. Nxb7 Rac8 19. Nc5 Bxc5 20.
dxc5 Na4 21. Bd6 1-0

[Event "Copa Internacional SP"]
[Site "São Paulo"]
[Date "2007.11.30"]
[Round "2"]
[White "Shiroma, Silvio Haruo"]
[Black "Rodarte, Bruno Anderson Lima"]
[Result "1-0"]
[WhiteElo "2166"]
[BlackElo "1852"]
[PlyCount "27"]
[EventDate "2007.11.29"]
[SourceDate "2007.11.30"]

1. e4 c5 2. f4 d5 3. exd5 Qxd5 4. Nc3 Qd8 5. Nf3 Nf6 6. Ne5 Nbd7 7. Bc4 Nxe5 8.
fxe5 Bg4 9. Bb5+ Bd7 10. exf6 exf6 11. Qe2+ Be7 12. Nd5 Bxb5 13. Qxb5+ Qd7 14.
Nc7+ 1-0

[Event "Copa Internacional SP"]
[Site "São Paulo"]
[Date "2007.11.30"]
[Round "2"]
[White "Cajal, Andre"]
[Black "Pereira, Amanda Marques"]
[Result "1-0"]
[WhiteElo "2102"]
[BlackElo "1833"]
[PlyCount "63"]
[EventDate "2007.11.29"]
[SourceDate "2007.11.30"]

1. e4 c6 2. d4 d5 3. exd5 cxd5 4. c4 Nf6 5. h3 Nc6 6. Nf3 e6 7. Bd3 Be7 8. O-O
O-O 9. Nc3 b6 10. a3 Bb7 11. b4 Rc8 12. c5 a5 13. b5 Na7 14. c6 Ba8 15. Bf4 Bd6
16. Bg5 h6 17. Bh4 Qe7 18. Re1 g5 19. Nxg5 hxg5 20. Bxg5 Qd8 21. Qd2 Re8 22.
Nxd5 Be7 23. Nxe7+ Qxe7 24. Qf4 Kg7 25. d5 Rcd8 26. d6 Rxd6 27. Bxf6+ Qxf6 28.
Qxd6 Rd8 29. Qg3+ Kf8 30. Rad1 Nc8 31. Bh7 Nd6 32. Qxd6+ 1-0

[Event "Copa Internacional SP"]
[Site "São Paulo"]
[Date "2007.11.30"]
[Round "2"]
[White "De Oliveira, Francemir Barra"]
[Black "Da Silva, Alessandro Rodrigue"]
[Result "0-1"]
[WhiteElo "1906"]
[BlackElo "2223"]
[PlyCount "86"]
[EventDate "2007.11.29"]
[SourceDate "2007.11.30"]

1. e4 c5 2. Nf3 d6 3. d4 cxd4 4. Nxd4 Nf6 5. Nc3 g6 6. Bg5 Bg7 7. Bc4 Qa5 8.
Bd2 Qb6 9. Be3 Qxb2 10. Ncb5 Qb4+ 11. Qd2 Qxc4 12. Rb1 Bd7 13. Rb4 Qc8 14. O-O
Na6 15. Rb3 Nxe4 16. Qd1 Nac5 17. Rb4 a6 18. Na3 b5 19. Nb1 O-O 20. f3 Nf6 21.
Ne2 Be6 22. Rh4 Bc4 23. Qd2 Bxe2 24. Qxe2 Qe6 25. Qd2 Nd5 26. Bf2 Nb6 27. Re1
Nc4 28. Qc1 Qd5 29. Rd1 Bb2 30. Nc3 Bxc1 31. Nxd5 Bg5 32. Rg4 Bf6 33. Re1 Ne6
34. f4 Rae8 35. f5 Ng7 36. fxg6 fxg6 37. Nc7 Rc8 38. Nd5 Ne5 39. Rf4 Rxc2 40.
Rd1 Nh5 41. Re4 Bg5 42. Bd4 Nf4 43. Nxf4 Bxf4 0-1

[Event "Copa Internacional SP"]
[Site "São Paulo"]
[Date "2007.11.30"]
[Round "2"]
[White "De Albuquerque, Marcelo"]
[Black "Name, Gabriel"]
[Result "1/2-1/2"]
[WhiteElo "1906"]
[BlackElo "2241"]
[PlyCount "109"]
[EventDate "2007.11.29"]
[SourceDate "2007.11.30"]

1. e4 e6 2. d4 d5 3. e5 c5 4. c3 Nc6 5. Nf3 Qb6 6. a3 c4 7. Nbd2 Na5 8. g3 Bd7
9. h4 Ne7 10. Bh3 Qb5 11. O-O h6 12. h5 Nc8 13. Nh4 Nb6 14. f4 Be7 15. Ng2
O-O-O 16. f5 Bg5 17. fxe6 Bxe6 18. Bxe6+ fxe6 19. Nf4 Bxf4 20. Rxf4 Qd7 21. Nf3
Rhf8 22. Nh4 Rxf4 23. Bxf4 Rf8 24. Qg4 Na4 25. Rb1 Nc6 26. Kg2 Rf7 27. Qg6 Nd8
28. Qc2 Qb5 29. Ng6 Qb3 30. Qxb3 cxb3 31. Bd2 Nc6 32. Nf4 Kd7 33. Nd3 Na5 34.
Rf1 Rxf1 35. Kxf1 Nc4 36. Bc1 {=} 36... Ke7 37. Kg2 Kf7 38. Kf3 g6 39. g4 g5
40. Ke2 a5 41. Kd1 b5 42. Ke2 {=} 42... Nab6 43. Nc5 a4 44. Nd3 Na5 45. Nc5
Nbc4 46. Nd3 Nc6 47. Kf2 Na7 48. Kf3 Na5 49. Ke2 Nc8 50. Kf3 Nc6 51. Ke2 Nb8
52. Kf3 Na7 53. Nb4 Nac6 54. Nxc6 Nxc6 55. Ke2 1/2-1/2

[Event "Copa Internacional SP"]
[Site "São Paulo"]
[Date "2007.11.30"]
[Round "2"]
[White "Fieri, Isaac"]
[Black "Evangelista Jr, Ademar"]
[Result "0-1"]
[WhiteElo "2065"]
[BlackElo "1889"]
[PlyCount "52"]
[EventDate "2007.11.29"]
[SourceDate "2007.11.30"]

1. c4 c5 2. Nc3 Nc6 3. Nf3 Nf6 4. d4 cxd4 5. Nxd4 e6 6. g3 Qb6 7. Ndb5 Ne5 8.
Bg2 Nxc4 9. b3 a6 10. bxc4 axb5 11. Nxb5 Bb4+ 12. Bd2 Bxd2+ 13. Qxd2 O-O 14.
O-O d5 15. Rfb1 dxc4 16. Nd6 Qc7 17. Nxb7 Rb8 18. Nd6 Rxb1+ 19. Rxb1 Rd8 20.
Nb5 Rxd2 21. Nxc7 c3 22. Rc1 c2 23. Bf1 Bd7 24. Na6 Ba4 25. Nc5 Rd1 26. Nd3 Ne4
0-1